Les départements ayant commis le plus de crimes - Statistiques

Statistiques générales
  • Ce quiz a été pris 320 fois
  • Le résultat moyen est 6 sur 10
Statistiques - réponses
Crimes Département % Correct
231 415 Paris
82%
130 203 Bouches-du-Rhône
74%
105 612 Seine-Saint-Denis
74%
127 441 Nord
64%
116 716 Rhône
63%
67 696 Val-de-Marne
48%
72 109 Hauts-de-Seine
44%
76 777 Gironde
39%
68 110 Loire-Atlantique
35%
68 408 Haute-Garonne
30%
Aucun quiz correspondant
Distribution des résultats
% des personnes avec chaque résultat
Percentile par nombre de réponses
Votre historique - résultats
Vous n’avez pas pris ce quiz